ბათუმის შოთა რუსთაველის სახელმწიფო უნივერსიტეტის ბიბლიოთეკა

რუსეთთან ერთად და ურუსეთოდ / (ბიბ.ჩანაწერი № 56407)

000 -ლიდერი
ფიქსირებული სიგრძის საკონტროლო ველი 01512nam a2200277Ia 4500
001 - საკონტროლო ნომერი
საკონტროლო ველი 23520
003 - საკონტროლო ნომრის იდენტიფიკატორი
საკონტროლო ველი GE_BSU
005 - ბოლო ოპერაციის თარიღი და დრო
საკონტროლო ველი 20260210172044.0
008 - ფიქსირებული სიგრძის მონაცემთა ელემენტები - ზოგადი ინფორმაცია
ფიქსირებული სიგრძის საკონტროლო ველი 181216s2017||||ge |||||||||||||| ||geo||
020 ## - წიგნის საერთაშორისო სტანდარტული ნომერი
International Standard Book Number 978-99940-59-30-0
040 ## - კატალოგიზაციის წყარო
Transcribing agency GE_BSU
041 ## - ენის კოდი
Language code of text/sound track or separate title geo
080 ## - უნივერსალური ათობითი კლასიფიკაციის ინდექსი
Universal Decimal Classification number 94(479.22:470) + 94(470:479.22) ვ-26
100 ## - მთავარი ჩანაწერი - პიროვნების სახელი
Personal name ვაჩნაძე, მერაბ
9 (RLIN) 26859
245 ## - ცნობა სათაურის შესახებ
Title რუსეთთან ერთად და ურუსეთოდ /
Statement of responsibility, etc მერაბ ვაჩნაძე, ვახტანგ გურული ; [რედ. დიმიტრი შველიძე].
264 ## - წარმოების, გამოცემის, დისტრიბუციის და სხვა ცნობები
გამოცემის, წარმოების, დისტრიბუციის... ადგილი თბილისი :
გამოცემის, წარმოების, დისტრიბუციის... სახელწოდება არტანუჯი,
გამოცემის, წარმოების, დისტრიბუციის... თარიღი 2007.
300 ## - ფიზიკური აღწერა
Extent 128 გვ. :
Other physical details ფოტ. ;
Dimensions 29 სმ.
500 ## - ზოგადი შენიშვნა
General note თავფურცელზე მერაბ ვაჩნაძის სასაჩუქრე მინაწერი ემიგრაციის მუზეუმისადმი
653 ## - INDEX TERM--UNCONTROLLED
Uncontrolled term რუსეთთან ერთად და ურუსეთოდ
653 ## - INDEX TERM--UNCONTROLLED
Uncontrolled term საქართველო-რუსეთის ურთიერთობის ისტორია
653 ## - INDEX TERM--UNCONTROLLED
Uncontrolled term რუსეთ-საქართველოს ურთიერთობის ისტორია
700 ## - ADDED ENTRY--PERSONAL NAME
Personal name გურული, ვახტანგ
Relator term ავტორი
9 (RLIN) 26860
700 ## - ADDED ENTRY--PERSONAL NAME
Personal name შველიძე, დიმიტრი
Relator term რედაქტორი
9 (RLIN) 26861
942 ## - ADDED ENTRY ELEMENTS (KOHA)
Koha item type წიგნი
Source of classification or shelving scheme
ეგზემპლარები
ჩამოწერის სტატუსი დაკარგული ეგზემპლარის სტატუსი კლასიფიკაციის წყარო ან თაროზე გაწყობის სქემა დაზიანების სტატუსი არ გაიცემა მუდმივი მდებარეობა (დაცვის ადგილი) ამჟამინდელი ადგილსამყოფელი თაროზე განთავსების ადგილი შეძენის თარიღი ღირებულება, შესყიდვის ნორმალური ფასი სრული შენახვის შიფრი შტრიხკოდი ბოლო ოპერაციის თარიღი ეგზემპლარის მიმდევრობითი ნომერი (კეტერი?) ფასის ძალაში შესვლის თარიღი ეგზემპლარის სახეობა საჯარო შენიშვნა
          ბათუმის შოთა რუსთაველის სახელმწიფო უნივერსიტეტის მთავარი ბიბლიოთეკა ბათუმის შოთა რუსთაველის სახელმწიფო უნივერსიტეტის მთავარი ბიბლიოთეკა წიგნსაცავი 2018-12-17 10.00 94(479.22:470) + 94(470:479.22) ვ-26 28417 2018-12-17 28417 2018-12-17 წიგნი 10.00 ₾.